00413nam a2200193Ia 4500003000900000008004100009040001300050040001300063041000800076100001500084245004000099250001200139260001500151260000900166300001100175300001000186490000600196700001700202IT-RoPAU120407s9999 xx 000 0 und d aIT-RoPAU cIT-RoPAU aita aLino Laghi aIl trattato Lateranense commentato. aFirenze aFiorentina c1929 a141 p. c19 cm v1 aG. Andreucci